[Event "Magnus Carlsen Invitational 2020"]
[Site "magnuscarlsen.com"]
[Date "2020.04.25"]
[Round "4.1"]
[White "Nakamura, Hikaru"]
[Black "Nepomniachtchi, Ian"]
[Result "1-0"]
[WhiteElo "2829"]
[BlackElo "2778"]
[Annotator "TA"]
[PlyCount "65"]
[EventDate "2020.04.18"]
[EventType "tourn"]
[EventCountry "NOR"]
[SourceTitle "playchess.com"]
[Source "ChessBase"]
[SourceQuality "1"]

{[%evp 17,65,47,50,0,6,7,21,6,9,8,38,35,37,31,36,31,40,32,41,35,20,33,27,0,56,0,105,105,93,93,98,80,285,287,278,281,289,286,276,282,268,210,216,203,616,630,623,615,614,606]} 1. e4 e6 2. d4 d5 3. Nc3 Bb4 4. e5 c5 5. a3 Bxc3+ 6. bxc3 Ne7 7. Qg4 cxd4 8. Qxg7 Rg8 9. Qxh7 Qc7 10. Qd3 {C18: French: 3 Nc3 Bb4: Main line: 7 h4 and 7 Qg4.} dxc3 11. Nf3 b6 {[#]} 12. h4 $146 {The position is equal.} ({Predecessor:} 12. Bg5 Ba6 13. Qd4 Nbc6 14. Qxc3 d4 15. Qb3 Rxg5 16. Nxg5 Qxe5+ {0-1 (16) Gottwald,B (1870)-Rheinstaedtler,K (2407) Remote email 2013}) 12... Ba6 13. Qd4 Bxf1 14. Kxf1 Nd7 15. h5 Rc8 16. h6 Qc4+ 17. Qxc4 Rxc4 18. Bg5 Rh8 19. g3 Rh7 20. Kg2 $36 {[%mdl 2048] Black is under pressure.} Nc6 ({Black should play} 20... Ra4 $11) 21. Rae1 (21. Rad1 $1 $14) 21... b5 {[#]} (21... Re4 $11 {keeps the balance.}) 22. Bf6 $1 $16 Nxf6 23. exf6 Rg4 24. Rh5 Rg6 $2 {Loses the game.} (24... Kf8 $16) 25. Rxd5 $1 $18 Rxf6 26. Rc5 ({Weaker is} 26. Rxb5 Rxf3 27. Rc5 Nd4 $11) 26... Ne7 27. Rxb5 Rfxh6 28. Rb8+ Kd7 29. Ne5+ Kc7 {[#]} 30. Reb1 $1 {[%cal Rb1b7]} Nc6 $2 (30... f6) 31. R8b7+ {White is clearly winning.} Kd6 {aiming for ...Rh2+.} 32. Nxf7+ Rxf7 33. Rxf7 {Accuracy: White = 85%, Black = 65%.} 1-0

[Event "Magnus Carlsen Invitational 2020"]
[Site "magnuscarlsen.com"]
[Date "2020.04.24"]
[Round "4.1"]
[White "Firouzja, Alireza"]
[Black "Caruana, Fabiano"]
[Result "0-1"]
[WhiteElo "2703"]
[BlackElo "2773"]
[Annotator "TA"]
[PlyCount "78"]
[EventDate "2020.04.18"]
[EventType "tourn"]
[EventCountry "NOR"]
[SourceTitle "playchess.com"]
[Source "ChessBase"]
[SourceQuality "1"]

{[%evp 9,78,0,0,-14,-12,-13,-8,-12,0,-11,-10,0,0,-13,27,0,0,0,0,-22,-27,-16,-17,-18,-22,-83,-62,-64,-10,-16,-19,-49,68,69,74,70,76,0,0,0,11,10,8,0,0,0,0,0,2,0,0,0,0,0,0,0,0,0,0,-50,0,0,0,0,0,-1017,-925,-2220,-1637,-29992,-29993]} 1. d4 d5 2. c4 c6 3. Nf3 Nf6 4. Qc2 dxc4 5. e4 b5 6. b3 {D11: Slav Defence: 3 Nf3 sidelines and 3...Nf6 4 e3 Bg4.} cxb3 7. axb3 e6 8. Bd3 {The position is equal.} Bb7 9. O-O Be7 10. Rd1 h6 11. Nc3 {[#]} a6 $146 ({Predecessor:} 11... Na6 12. Qe2 Nb4 13. Bb1 a6 14. Ba3 Qb6 15. Ne5 Rd8 16. Qe3 O-O 17. Nd3 a5 {0-1 (30) Nguyen,T (2323)-Sedina,E (2344) Nalchik 2008}) 12. h3 Nbd7 13. Be3 Rc8 14. e5 Nd5 15. Nxd5 cxd5 16. Qd2 Nb8 17. b4 (17. Be2 $11 {keeps the balance.}) 17... Rc4 $17 18. Rab1 $1 Nd7 (18... Nc6 $15 19. Bxc4 dxc4) 19. Ne1 $11 Nb6 20. Qe2 Rxb4 (20... Na4 $15 21. Bxc4 dxc4) 21. Rxb4 $14 Bxb4 {[#]} 22. Bxb5+ $1 {[%mdl 576] Double Attack} Nd7 $1 {[#]} (22... axb5 23. Qxb5+) 23. Nd3 (23. Ba4 $1 $16) 23... axb5 $11 24. Nxb4 O-O 25. Qxb5 Qb6 26. Qxd7 {Hoping for Qd6.} Qxb4 27. Ra1 Qb6 28. Qe7 {With the idea Bxh6!} Bc6 29. Rc1 Bb5 30. Rc7 Bd3 31. Kh2 Bg6 32. Qc5 Qa6 33. Bf4 Rb8 34. Bg3 Rb1 {...Qf1 is the strong threat.} (34... Kh7 $5 {[%cal Rb8b1]} 35. Qa7 Qxa7 36. Rxa7 Rb4 $15) 35. Bh4 $1 {And now Rc8+ would win.} ({But not} 35. Rc8+ $2 Kh7 $19) 35... Bh5 36. Rc8+ Kh7 {[#] aiming for ...Qf1.} 37. Qc2+ $2 {[%mdl 8192]} (37. Bf6 $1 $11 {[%mdl 512]} Rh1+ {[%mdl 64] Decoy} (37... gxf6 38. Qf8) 38. Kxh1 Qf1+ {[%mdl 64] Double Attack} 39. Kh2) 37... Bg6 $19 38. Qc5 Qf1 {( -> ...Qg1+)} 39. Bf6 Be4 {Accuracy: White = 69%, Black = 85%.} 0-1

[Event "Magnus Carlsen Invitational 2020"]
[Site "magnuscarlsen.com"]
[Date "2020.04.24"]
[Round "4.2"]
[White "Vachier-Lagrave, Maxime"]
[Black "Carlsen, Magnus"]
[Result "1/2-1/2"]
[WhiteElo "2860"]
[BlackElo "2881"]
[Annotator "TA"]
[PlyCount "122"]
[EventDate "2020.04.18"]
[EventType "tourn"]
[EventCountry "NOR"]
[SourceTitle "playchess.com"]
[Source "ChessBase"]
[SourceQuality "1"]

{[%evp 11,122,29,68,0,2,0,0,0,0,-22,-16,-37,-36,-39,-24,-59,-42,-69,-65,-69,-47,-67,-16,-13,-5,-3,-4,-4,-4,-2,-4,-4,-4,-4,-4,-4,-8,0,-6,-27,-19,-30,0,0,0,0,0,0,0,0,0,0,0,-9,0,0,0,0,0,0,0,0,0,0,0,0,0,0,0,0,0,0,15,8,8,8,8,8,8,8,17,0,0,0,0,0,0,0,0,0,0,0,0,0,0,0,0,0,0,0,0,0,0,0,0,0,0,0,0,0,0,0,0]} 1. d4 Nf6 2. c4 g6 3. h4 Bg7 4. Nc3 d6 5. e4 O-O 6. Be2 e5 7. dxe5 {E73: King's Indian: Averbakh Variation without 6...c5.} (7. d5 $1 $14) 7... dxe5 $11 8. Qxd8 Rxd8 9. h5 {[#]} c6 $146 ({Predecessor:} 9... Nxh5 10. Bxh5 gxh5 11. Nd5 Na6 12. Bg5 Rd6 13. Rxh5 f6 14. Be3 Rd7 15. a3 c6 {0-1 (41) Bongo Akanga Ndjila,B (1912)-Panyushkin,B (2213) ICCF email 2016}) 10. Bg5 Na6 11. Nf3 Nc5 12. hxg6 hxg6 13. Rh4 Ne6 14. Be3 Nd4 15. Nxd4 exd4 16. O-O-O Ng4 (16... c5 $15 17. e5 Nd7) 17. Bxg4 Bxg4 18. Rxg4 dxe3 19. fxe3 Bxc3 20. bxc3 Rxd1+ 21. Kxd1 {[%mdl 4096] Endgame KR-KR} Re8 22. Kc2 Re5 23. Rf4 Ra5 24. Kb3 Kf8 25. Rh4 $1 Kg7 26. Rf4 $1 Rg5 (26... g5 $5 {[%cal Rg5f4]} 27. Rf2 Re5 $15) 27. Rf2 {The position is equal.} Kf8 28. Kc2 Ke7 29. Kd3 b6 30. Kd4 Ke6 31. Kd3 f6 32. Rd2 Ra5 33. Rf2 Rh5 34. Rb2 Ra5 35. Rf2 Ra4 36. g4 Ra5 37. Rh2 g5 38. Rf2 a6 39. Rh2 b5 40. c5 Ra4 41. Rh7 Rc4 42. Ra7 Rxc5 43. Rxa6 Kd6 44. a4 bxa4 45. c4 Re5 46. Kd4 a3 47. Rxa3 c5+ 48. Kd3 Re8 49. Ra6+ Ke5 50. Rc6 Rd8+ 51. Ke2 {[#] Strongly threatening Kf3.} Rh8 52. Rxc5+ Kxe4 53. Rf5 Rh2+ 54. Rf2 Rh3 55. Kd2 Rxe3 56. Rxf6 {[#] Re6+ would kill now.} Rg3 57. c5 Rxg4 58. c6 {c7 is the strong threat.} Kd5 59. c7 Rc4 60. Rf5+ Ke4 61. Rxg5 {Intending Rg4+ and mate.} Rxc7 {Accuracy: White = 94%, Black = 96%.} 1/2-1/2

[Event "Magnus Carlsen Invitational 2020"]
[Site "magnuscarlsen.com"]
[Date "2020.04.25"]
[Round "4.2"]
[White "Nepomniachtchi, Ian"]
[Black "Nakamura, Hikaru"]
[Result "1/2-1/2"]
[WhiteElo "2778"]
[BlackElo "2829"]
[Annotator "TA"]
[PlyCount "136"]
[EventDate "2020.04.18"]
[EventType "tourn"]
[EventCountry "NOR"]
[SourceTitle "playchess.com"]
[Source "ChessBase"]
[SourceQuality "1"]

{[%evp 14,136,18,13,10,17,17,18,24,21,15,17,12,14,13,10,15,11,15,8,9,11,0,2,10,-6,-15,-20,-7,-6,0,-23,-21,-23,-23,-22,-22,-23,0,0,0,-2,0,-99,-99,-154,-147,-151,-133,-139,-165,-135,-143,-312,-262,-311,-305,-206,-276,-302,-235,-202,-63,-407,-401,-880,-843,-811,-798,-697,-418,-413,-401,-369,-313,-305,-8,-14,0,-296,-261,-609,-1270,-1862,-1767,-1831,-1748,-1173,-832,-4891,-3872,-2310,-2128,-529,-8,-8,-8,-8,-8,-8,-8,-8,-8,-8,-2,-2,0,0,0,0,0,0,0,0,0,0,0,0,0,0,0,0,0,0,0]} 1. d4 Nf6 2. c4 e6 3. Nf3 d5 4. Nc3 Be7 5. Bf4 O-O 6. e3 Nbd7 (6... c5 7. dxc5 Bxc5 8. cxd5 Nxd5 9. Nxd5 exd5 10. Bd3 Bb4+ 11. Nd2 Nc6 12. O-O Be7 13. Rc1 Qb6 14. Qc2 Nb4 15. Bxh7+ Kh8 16. Qc7 Qxc7 17. Rxc7 Bd8 18. Bd6 Bxc7 19. Bxf8 a5 20. Bb1 Be5 21. b3 Bg4 22. Bc5 Rc8 23. Bb6 Nxa2 24. Bxa2 {1-0 (69) Nepomniachtchi,I (2774)-Nakamura,H (2743) Saint Louis 2019}) 7. c5 {7.Be2 is the hot move. Played by Hikaru Nakamura in February 2020.} c6 8. h3 b6 {D37: Queen's Gambit Declined: 5 Bf4.} 9. b4 a5 10. a3 $1 h6 11. Qc1 Bb7 12. Bd3 Qc8 13. O-O Ba6 14. Bxa6 Rxa6 15. Qc2 Qb7 16. Rab1 axb4 17. axb4 {[#]} Rfa8 $5 $146 {[%mdl 8] New and interesting.} ({Predecessor:} 17... Ra3 18. Rfc1 Rfa8 19. Nd2 bxc5 20. bxc5 Qa6 21. Nb3 Qc4 22. Nd2 Qa6 23. Nb3 Qc4 24. Nd2 Qa6 {½-½ (23) Zhou,J (2608)-Nguyen,N (2636) Changsha 2019}) 18. Rfc1 b5 19. Qb2 Ne4 20. Ra1 Qa7 {[%cal Ra6a1]} 21. Rxa6 Qxa6 22. Nxe4 dxe4 23. Nd2 f5 24. Nb3 Nf6 25. Bd6 Bd8 26. Ra1 Qb7 27. Ra3 $1 Ra4 28. Qa2 (28. Na5 $11 Bxa5 29. bxa5 Rxa3 30. Qxa3) 28... Qa7 29. Rxa4 ({White should play} 29. Na5 Rxa3 30. Qxa3) 29... Qxa4 $17 30. Qxa4 bxa4 {[%mdl 4096] Endgame KBN-KBN} 31. Nc1 Nd5 32. Na2 g5 33. g3 $2 (33. Kf1 $17 {was necessary.}) 33... Kf7 34. Kf1 Bc7 35. Bxc7 Nxc7 $19 {KN-KN} 36. Ke2 Nd5 37. Kd2 {[#]} h5 (37... e5 $1 $19 {[%mdl 512] Strongly threatening ...exd4.} 38. dxe5 Ke6) 38. Nc3 $2 {[%mdl 8192]} (38. Kc2 $1 $15) 38... a3 39. Kc2 (39. Na2 $142 f4 40. gxf4 gxf4 41. Ke2) 39... Nxb4+ 40. Kb3 Nd3 41. Nd1 h4 42. gxh4 gxh4 43. Kxa3 Ke7 44. Kb3 Ne1 $2 (44... f4 $1 $19 45. Kc3 f3) 45. Nc3 $1 $11 Nd3 $2 {[%mdl 8192]} (45... Kf6 $11) 46. Nd1 $19 f4 $1 47. exf4 $2 (47. Kc3 f3 48. Kb3) 47... Nxf4 48. Nc3 Nxh3 49. Nxe4 Nf4 50. Kc2 h3 51. Ng3 {[#]} Kf6 $1 52. Kd2 Kg5 53. Ke3 {[#]} Kg4 $2 ({Better is} 53... Ng2+ $1 $19 54. Ke2 h2) 54. Nf1 $11 {The position is equal.} Nd5+ 55. Ke4 Nc3+ 56. Ke3 Nd1+ 57. Ke2 Nb2 {Hoping for ...Kf4.} 58. Ke3 $1 Nc4+ 59. Kd3 $1 {Threatens to win with Nh2+.} Kf3 60. Kxc4 Kxf2 {KN-K3P} (60... Kg2 $5 61. Ne3+ $8 Kf3 $11) 61. Nh2 Kg2 62. Ng4 Kg3 63. Ne3 Kf3 64. Nf1 Kf2 (64... Kg2 $5 65. Ne3+ $8 Kf3 $11) 65. Nh2 Kg2 (65... Kg3 $5 66. Nf1+ $8 Kg2 67. Ne3+ Kf3 $11) 66. Ng4 Kg3 (66... Kf3 $5 67. Nh2+ $8 Kg3 68. Nf1+ Kg2 69. Ne3+ Kg3 $11) 67. Ne3 Kf3 68. Nf1 Kf2 {White happily takes the draw. Accuracy: White = 66%, Black = 80%.} (68... Kg2 $5 69. Ne3+ $8 Kf3 $11) 1/2-1/2

[Event "Magnus Carlsen Invitational 2020"]
[Site "magnuscarlsen.com"]
[Date "2020.04.24"]
[Round "4.2"]
[White "Caruana, Fabiano"]
[Black "Firouzja, Alireza"]
[Result "1-0"]
[WhiteElo "2773"]
[BlackElo "2703"]
[Annotator "TA"]
[PlyCount "73"]
[EventDate "2020.04.18"]
[EventType "tourn"]
[EventCountry "NOR"]
[SourceTitle "playchess.com"]
[Source "ChessBase"]
[SourceQuality "1"]

{[%evp 15,73,24,29,19,30,17,16,20,48,43,102,109,106,106,141,85,125,110,112,130,168,156,173,142,185,143,192,167,204,195,187,188,217,184,330,328,299,239,245,244,487,470,581,360,367,308,311,265,451,463,427,447,414,333,364,357,404,406,748,527]} 1. d4 d5 2. c4 c6 3. Nf3 Nf6 4. e3 Bf5 5. Nc3 e6 6. Nh4 Be4 7. f3 Bg6 8. Qb3 Qc7 9. Bd2 {D12: Slav Defence: 3 Nf3 Nf6 4 e3 Bf5.} Be7 10. g3 Nbd7 11. cxd5 {The position is equal.} cxd5 12. Rc1 {[#] Nxd5 is the strong threat.} Qd8 $146 ({Black should try} 12... Qb6 $14) ({Predecessor:} 12... Qb6 13. Qxb6 Nxb6 14. Nb5 Kd8 15. Nxg6 hxg6 16. Ba5 Nfd7 17. e4 a6 18. Nc3 Ke8 19. exd5 exd5 {½-½ (47) Lazarev,V (2427)-Hera,I (2557) Germany 2014}) 13. Nxg6 hxg6 14. Qxb7 O-O 15. Bb5 (15. Qa6 $142) 15... Nb6 16. Qa6 g5 17. Be2 e5 18. O-O exd4 19. exd4 Ne8 20. b3 Nd6 21. Nb5 Bf6 22. Bb4 Nxb5 23. Bxb5 ({Much less strong is} 23. Qxb5 $6 Bxd4+ 24. Kg2 Re8 $14) 23... Bxd4+ 24. Kg2 Qf6 (24... Be3 $142 25. Rc2 Re8 26. Bxe8 Qxe8) 25. Bxf8 $18 Rxf8 26. Bd3 ({Less strong is} 26. Qxa7 Nc4 $16) 26... g6 27. a4 g4 $2 (27... Nd7 28. Qxf6 Nxf6) 28. fxg4 Qg5 29. Be2 Nd7 {and the idea ...Nc5 leaves Black hopeful.} 30. Qd3 Be3 31. Rc3 d4 $2 (31... Bb6 32. h4 Qe7) 32. Rc7 Qd5+ 33. Bf3 Qd6 34. Rc6 Qe7 {If Black can now play ...Ne5 this consolidates a bit.} 35. Bd5 {[#] White wants to mate with Rxf7!} Ne5 36. Qe4 Kg7 (36... Nxc6 $142 37. Qxg6+ {[%mdl 64] Double Attack} (37. Bxc6 Qxe4+ 38. Bxe4 Kg7 $16) 37... Kh8 38. Qxc6 f6) 37. Rcf6 {White took control after the opening. Accuracy: White = 73%, Black = 34%.} 1-0

[Event "Magnus Carlsen Invitational 2020"]
[Site "magnuscarlsen.com"]
[Date "2020.04.25"]
[Round "4.2"]
[White "Giri, Anish"]
[Black "Ding, Liren"]
[Result "1-0"]
[WhiteElo "2731"]
[BlackElo "2836"]
[Annotator "TA"]
[PlyCount "35"]
[EventDate "2020.04.18"]
[EventType "tourn"]
[EventCountry "NOR"]
[SourceTitle "playchess.com"]
[Source "ChessBase"]
[SourceQuality "1"]

{[%evp 19,35,14,39,8,8,3,31,46,60,0,6,0,0,0,0,0,10,2]} 1. d4 Nf6 2. c4 g6 3. Nc3 d5 4. cxd5 Nxd5 5. e4 Nxc3 6. bxc3 Bg7 7. Bc4 c5 8. Ne2 Nc6 9. Be3 O-O 10. O-O b6 {The modern move.} 11. Rc1 {D87: Exchange Grünfeld: Classical Line: Variations without ...cxd4.} Bb7 12. Bb5 cxd4 13. cxd4 {[%cal Bc3d4,Bd4d5][%mdl 32] White is slightly better.} Rc8 14. Qd2 (14. Qa4 $14 Na5 15. d5) 14... e6 $11 {The position is equal.} 15. Rfd1 {[#]} Na5 $146 ({Predecessor:} 15... Qd6 16. Bf4 e5 17. d5 Na5 18. Be3 Rxc1 19. Rxc1 Rc8 20. h3 Bf8 21. Rxc8 Bxc8 {½-½ (41) Harikrishna,P (2731)-Ding,L (2801) Kolkata 2019}) 16. Rxc8 Qxc8 17. Bg5 Qc7 18. d5 {[%mdl 32768] Accuracy: White = 70%, Black = 85%. . Loss on time!?} 1-0

[Event "Magnus Carlsen Invitational 2020"]
[Site "magnuscarlsen.com"]
[Date "2020.04.24"]
[Round "4.3"]
[White "Carlsen, Magnus"]
[Black "Vachier-Lagrave, Maxime"]
[Result "1-0"]
[WhiteElo "2881"]
[BlackElo "2860"]
[Annotator "TA"]
[PlyCount "63"]
[EventDate "2020.04.18"]
[EventType "tourn"]
[EventCountry "NOR"]
[SourceTitle "playchess.com"]
[Source "ChessBase"]
[SourceQuality "1"]

{[%evp 12,63,25,25,33,19,38,29,30,26,37,21,17,12,15,15,15,14,29,33,25,25,18,0,50,47,51,50,134,133,129,120,168,168,171,164,166,169,216,215,307,304,305,305,331,331,313,310,304,302,302,302,284,229]} 1. d4 d5 2. c4 c6 3. e3 Nf6 4. Nc3 Bf5 5. Nf3 e6 6. Nh4 Be4 7. f3 Bg6 {D12: Slav Defence: 3 Nf3 Nf6 4 e3 Bf5.} 8. Bd2 Be7 {is now more promising than 8...Nbd7. Played by Fabiano Caruana in March 2020. 8...Nbd7 is vanishing.} 9. Nxg6 hxg6 {White has an edge.} 10. Qb3 Qc7 11. O-O-O dxc4 12. Bxc4 b5 13. Be2 a6 14. Ne4 Nxe4 15. fxe4 c5 16. Kb1 Nc6 {[#]} 17. e5 $1 $146 {[%mdl 8] An important novelty.} ({Predecessor:} 17. Qc3 g5 18. h3 c4 19. e5 Rc8 20. Rhf1 Nb4 21. e4 O-O 22. Qg3 Nc6 23. Bxg5 Bxg5 24. Qxg5 Rcd8 25. Rf4 Rxd4 26. Qxg7+ {½-½ (26) Straka,Z (2566)-Vassia,E (2611) ICCF email 2017}) 17... cxd4 18. Bf3 Rc8 {And now ...dxe3 would win.} 19. Rc1 Qd7 {[#]} (19... Qb6 $1 $14) 20. Qc2 $1 $16 Na7 {[#]} 21. Qxc8+ $1 {[%mdl 576] Remove Defender, Deflection} Nxc8 22. Bc6 Nb6 23. Bxd7+ Kxd7 24. exd4 Nd5 25. h4 Rxh4 (25... f6 $142 26. Rcf1 Rc8) 26. Rxh4 $18 {White has a decisive advantage.} Bxh4 {[%mdl 4096] Endgame KRB-KBN} 27. Rh1 Be7 28. Rh7 Bf8 29. Rh8 Ke7 30. Kc2 f6 31. exf6+ gxf6 32. Rh7+ {Accuracy: White = 100%, Black = 67%.} 1-0

[Event "Magnus Carlsen Invitational 2020"]
[Site "magnuscarlsen.com"]
[Date "2020.04.25"]
[Round "4.3"]
[White "Ding, Liren"]
[Black "Giri, Anish"]
[Result "0-1"]
[WhiteElo "2836"]
[BlackElo "2731"]
[Annotator "TA"]
[PlyCount "100"]
[EventDate "2020.04.18"]
[EventType "tourn"]
[EventCountry "NOR"]
[SourceTitle "playchess.com"]
[Source "ChessBase"]
[SourceQuality "1"]

{[%evp 13,100,14,35,0,0,0,0,0,13,0,0,13,18,21,33,39,35,0,31,29,25,0,0,-25,-28,-96,-90,-90,-94,-87,-26,-33,-16,-15,0,-91,-93,-91,-103,-138,-121,-163,-125,-142,-113,-175,-193,-219,-211,-244,-250,-245,-234,-254,-241,-512,-472,-507,-467,-558,-495,-890,-883,-513,-366,-634,-627,-758,-767,-870,-850,-880,-868,-857,-843,-710,-648,-690,-663,-800,-788,-785,-766,-835,-806,-837,-825,-764,-633]} 1. d4 Nf6 2. c4 g6 3. Nf3 Bg7 4. e3 O-O 5. Be2 c5 6. d5 d6 7. Nc3 e6 8. Nd2 {E61: King's Indian: Early deviations for White, including Smyslov System.} Na6 9. O-O Re8 10. e4 {[#] The position is equal.} b6 $1 $146 {[%mdl 8] A top novelty.} ({Predecessor:} 10... Nc7 11. a4 b6 12. Re1 Na6 13. h3 Nb4 14. Ra3 exd5 15. cxd5 a6 16. Bf1 Nd7 {0-1 (44) Topalov,V (2736)-Vachier Lagrave,M (2777) Hamburg 2019}) 11. dxe6 Bxe6 12. Nb3 Qe7 13. Bf4 Rad8 14. Qd2 Nb4 {[%cal Ba6b4,Bb4c6,Bc6a5][%mdl 32]} 15. Rad1 {[%cal Rf4d6]} Qb7 (15... d5 $5 16. exd5 (16. cxd5 Nxe4 17. d6 Rxd6 $15) 16... Nfxd5 17. cxd5 Nxd5 18. Nxd5 Bxd5 $11) 16. f3 Qa6 17. a3 ({Of course not} 17. Bxd6 Bxc4 18. Bxc4 Qxc4 $15) 17... Nc6 18. Nb5 Qa4 19. Qc2 (19. Nc1 $11) 19... Na5 $17 20. N3d4 Qxc2 21. Nxc2 Bxc4 (21... Nxc4 $17 22. b3 Nb2) 22. Bxc4 $11 Nxc4 23. b3 $1 {[%cal Rb3c4]} a6 24. bxc4 (24. Nc7 $11 {remains equal.} Re7 25. Nxa6 (25. bxc4 Rxc7 26. Rb1 Rc6 $11)) 24... axb5 $17 {White is now going downhill.} 25. cxb5 d5 26. Ne3 dxe4 27. Bc7 Rd3 28. Rfe1 Rxa3 29. Nc4 (29. Bxb6 $17 {was necessary.} Rb3 30. Bxc5) 29... Rb3 $19 30. Nd6 Ra8 31. Bxb6 Nd7 (31... exf3 32. Bxc5 Bf8 33. gxf3 $17) 32. Bc7 Bd4+ 33. Kh1 {[#]} e3 $1 ({Don't play} 33... exf3 34. gxf3 Rb2 35. Rb1 $17) 34. Nc4 $2 (34. g4) 34... Ra4 35. Nd6 Ra2 {Threatens to win with ...e2.} 36. Nc4 Rc2 37. Rc1 (37. Nxe3 $142 Rxe3 38. Rxe3 Bxe3 39. g4) 37... Rxc1 38. Rxc1 Rxb5 39. Bf4 $2 {[#]} (39. g3) 39... e2 {Black is clearly winning.} 40. g4 Nb6 41. Nd2 Rb2 42. Re1 Nd5 43. Bh6 Nc3 44. Kg2 f5 45. Nc4 Rb4 46. Nd6 fxg4 47. fxg4 Be5 48. Bd2 Bxd6 49. Bxc3 Rxg4+ 50. Kf3 Rh4 {Accuracy: White = 46%, Black = 90%.} 0-1

[Event "Magnus Carlsen Invitational 2020"]
[Site "magnuscarlsen.com"]
[Date "2020.04.25"]
[Round "4.3"]
[White "Nakamura, Hikaru"]
[Black "Nepomniachtchi, Ian"]
[Result "1/2-1/2"]
[WhiteElo "2829"]
[BlackElo "2778"]
[Annotator "TA"]
[PlyCount "80"]
[EventDate "2020.04.18"]
[EventType "tourn"]
[EventCountry "NOR"]
[SourceTitle "playchess.com"]
[Source "ChessBase"]
[SourceQuality "1"]

{[%evp 9,80,0,0,13,28,24,68,64,70,66,69,41,88,56,72,77,85,45,98,85,72,70,116,114,105,91,117,112,169,168,159,56,63,43,52,0,0,0,0,0,0,0,0,0,0,0,0,0,7,8,10,8,6,5,14,12,13,0,0,0,0,0,0,0,0,0,0,0,0,0,0,0,0]} 1. e4 c5 2. Nf3 d6 3. Bb5+ Nd7 4. Ba4 Ngf6 5. O-O a6 {[#] Hoping for ...b5.} 6. c4 {B51: Sicilian: Moscow Variation (3 Bb5+) without 3...Bd7.} (6. d3 b5 7. Bb3 e6 8. c3 Bb7 9. Re1 Be7 10. Nbd2 O-O 11. Nf1 c4 12. dxc4 bxc4 13. Bc2 Nc5 14. Ng3 Nfd7 15. Qe2 Nb6 16. e5 Bxf3 17. Qxf3 dxe5 18. Rxe5 Nd3 19. Re2 Qd5 20. Qxd5 Nxd5 21. Bxd3 cxd3 {1-0 (76) Nakamura,H (2745)-Nepomniachtchi,I (2776) chess.com INT 2020}) 6... e5 7. d3 g6 8. Nc3 {White is slightly better.} Bg7 9. a3 O-O 10. b4 h6 11. Rb1 Qc7 12. Bd2 b6 13. Ne1 {[#]} Nb8 $146 (13... Bb7 $14) ({Predecessor:} 13... Bb7 14. Nc2 Rfd8 15. Ne3 Nf8 16. f4 exf4 17. Rxf4 Ne6 18. Rxf6 Bxf6 19. Ncd5 Bxd5 20. Nxd5 {1-0 (44) Muzychuk,A (2537)-Solozhenkina,E (2329) Moscow 2019}) 14. Nc2 Nc6 15. bxc5 bxc5 {[#]} 16. Bxc6 $1 Qxc6 17. Ne3 Ra7 {[%cal Ba8a7,Ba7b7,Bb7b2][%mdl 32]} 18. Ncd5 Nh5 (18... Kh7 $16) 19. Rb6 $18 Qd7 20. Rb8 (20. Nf5 $16 gxf5 21. Qxh5) 20... Rb7 21. Nb6 Qe6 22. Rxc8 (22. Rxb7 $1 $14 Bxb7 23. Ned5) 22... Rxc8 $11 {The position is equal.} 23. Nxc8 Qxc8 24. Nd5 Kh7 25. Qa4 Rb2 26. Bc3 Rb8 27. Bd2 Nf6 28. Nc3 Nd7 29. Qc2 h5 30. Rb1 Bh6 31. Be1 Nf8 32. Nd5 Ne6 33. Bc3 Nf4 34. Nxf4 (34. Rxb8 {is more complex.} Qxb8 35. g3 Nxd5 36. cxd5 Qc8 37. Kg2) 34... Bxf4 35. Rxb8 Qxb8 36. Qb2 Qxb2 37. Bxb2 Kg7 38. h3 Kf6 39. Bc3 Bc1 40. a4 Ke6 {Accuracy: White = 85%, Black = 81%.} 1/2-1/2